000 00611nam a22002297a 4500
001 00028943
005 20260429081104.0
008 260429b ag ||||| |||| 00| 0 spa d
020 _a8441301212
040 _aAR-CcCEOS
_bspa
_cAR-CcCEOS
041 _aspa
080 _a94:7(4)"04"
090 _bSIM v.2
100 1 _aSimons, Gerald
_91148
245 _aOrĂ­genes de Europa :
_bVolumen II /
_cGerald Simons
264 _aBarcelona :
_bFolio,
_c1995.
300 _a185 p. ;
_c24x18 cm.
490 _vAtlas culturales del mundo
650 0 _ahistoria
_990
655 0 _aarte
_9138
942 _2udc
_cBK
_n0
999 _c28996
_d28996